000 00465nam a2200157Ia 4500
008 160316s2006 xxu||||| |||| 00| 0 eng d
082 _a346.066000
_bCHA
100 _aChandratre K R
245 _aManual of corporate law compliance and corporate governance
250 _a
260 _aNew Delhi
_bBharat Law House
_c2006
300 _a1044p
_b
_c
365 _b Rs. 895
650 _a1. Corporate Law - Manual 2. Compliance - Corporate Governance
700 _a
_a
999 _c23565
_d23565